[Event "Selestat op-B 13th"]
[Site "Selestat"]
[Date "2006.02.??"]
[Round "3"]
[White "Tanoh, Helene"]
[Black "Boughachiche, Karim"]
[Result "1-0"]
[WhiteElo "1700"]
[BlackElo "1330"]
[PlyCount "51"]
[EventDate "2006.02.23"]
[EventType "swiss"]
[EventRounds "7"]
[EventCountry "FRA"]
[SourceTitle "CBM 111 Extra"]
[Source "ChessBase"]
[SourceDate "2006.05.09"]
[SourceVersion "1"]
[SourceVersionDate "2006.05.09"]
[SourceQuality "1"]

1. d4 d5 2. Nf3 Nf6 3. c4 Bg4 4. Ne5 Nbd7 5. Nxg4 Nxg4 6. cxd5 Nb8 7. e4 Nf6 8. Nc3 e6 9. Bb5+ c6 10. dxc6 bxc6 11. Ba4 Bb4 12. Bc2 e5 13. dxe5 Qxd1+ 14. Kxd1 Ng4 15. Ke2 Nxe5 16. Bf4 Bxc3 17. bxc3 Ng6 18. Bd6 Na6 19. Bd3 Rd8 20. Bg3 Nc5 21. Bc2 0-0 22. Rhd1 Rxd1 23. Rxd1 Re8 24. Kf3 Ne5+ 25. Bxe5 Rxe5 26. Rd8+ 1-0

[Event "FRA-chT2D 0506"]
[Site "France"]
[Date "2005.12.04"]
[Round "4.9"]
[White "Genzling, Sylvie"]
[Black "Tanoh, Helene"]
[Result "1-0"]
[WhiteElo "1971"]
[BlackElo "1710"]
[PlyCount "49"]
[EventDate "2005.10.27"]
[EventType "team-tourn"]
[EventRounds "11"]
[EventCountry "FRA"]
[SourceTitle "EXT 2006"]
[Source "ChessBase"]
[SourceDate "2005.11.24"]
[SourceVersion "1"]
[SourceVersionDate "2005.11.24"]
[SourceQuality "1"]
[WhiteTeam "Bischwiller"]
[BlackTeam "Selestat"]
[WhiteTeamCountry "FRA"]
[BlackTeamCountry "FRA"]

1. c4 Nf6 2. Nc3 e5 3. d3 Bb4 4. Bd2 c5 5. e4 0-0 6. g3 Nc6 7. Bg2 d6 8. Nge2 Nd4 9. 0-0 Bg4 10. f3 Be6 11. Rb1 Qd7 12. a3 Bxc3 13. Nxc3 b5 14. b3 Rab8 15. Be3 a5 16. Bxd4 cxd4 17. Nxb5 Rxb5 18. cxb5 Qxb5 19. Rf2 Nd7 20. Bf1 Nc5 21. b4 axb4 22. Rxb4 Qa5 23. Qc1 Rc8 24. Qb2 Qa6 25. Rb6 1-0

[Event "FRA-chT2D 0506"]
[Site "France"]
[Date "2005.10.16"]
[Round "1.9"]
[White "Tanoh, Helene"]
[Black "Criqui, Laurence"]
[Result "0-1"]
[WhiteElo "1710"]
[BlackElo "1670"]
[PlyCount "82"]
[EventDate "2005.10.27"]
[EventType "team-tourn"]
[EventRounds "11"]
[EventCountry "FRA"]
[SourceTitle "EXT 2006"]
[Source "ChessBase"]
[SourceDate "2005.11.24"]
[SourceVersion "1"]
[SourceVersionDate "2005.11.24"]
[SourceQuality "1"]
[WhiteTeam "Selestat"]
[BlackTeam "Gambsheim"]
[WhiteTeamCountry "FRA"]
[BlackTeamCountry "FRA"]

1. d4 d5 2. Nf3 Nc6 3. c4 Bg4 4. e3 Nf6 5. Be2 e6 6. 0-0 Be7 7. Nc3 0-0 8. Re1 a6 9. a4 Bb4 10. Bd2 dxc4 11. Bxc4 e5 12. dxe5 Nxe5 13. Be2 Nd3 14. Bxd3 Qxd3 15. Ne5 Qf5 16. Nxg4 Nxg4 17. Qe2 Rad8 18. e4 Qe6 19. Bf4 Bxc3 20. bxc3 Ne5 21. Red1 Qb6 22. Be3 Qg6 23. f3 Qc6 24. Bd4 Ng6 25. Qe3 Rfe8 26. Qg5 f6 27. Qg3 Nf8 28. e5 fxe5 29. Bxe5 Rxd1+ 30. Rxd1 Ne6 31. Qg4 Qc5+ 32. Bd4 Nxd4 33. cxd4 Qc2 34. Ra1 Qc3 35. Rd1 Re1+ 36. Kf2 Qe3+ 37. Kg3 Rxd1 38. Qc8+ Kf7 39. Qxc7+ Qe7 40. Qc4+ Kf8 41. Qc8+ Qe8 0-1

[Event "FRA-chT2 0405"]
[Site "France"]
[Date "2004.11.06"]
[Round "2.9"]
[White "Tanoh, Helene"]
[Black "Bottagisi, Aline"]
[Result "1/2-1/2"]
[WhiteElo "1790"]
[BlackElo "1820"]
[PlyCount "40"]
[EventDate "2004.10.10"]
[EventType "team"]
[EventRounds "11"]
[EventCountry "FRA"]
[SourceTitle "EXT 2006"]
[Source "ChessBase"]
[SourceDate "2005.11.24"]
[SourceVersion "1"]
[SourceVersionDate "2005.11.24"]
[SourceQuality "1"]

1. d4 d5 2. Nf3 Nf6 3. c4 e6 4. Nc3 Nbd7 5. Bg5 Be7 6. e3 c6 7. Bd3 0-0 8. Qc2 dxc4 9. Bxc4 Nb6 10. Bd3 h6 11. h4 Nbd5 12. a3 Re8 13. Ne5 Rf8 14. Nxd5 exd5 15. Bxf6 Bxf6 16. Nf3 Re8 17. Kd2 Bg4 18. Nh2 Bd7 19. Nf3 Bg4 20. Nh2 Bd7 1/2-1/2

[Event "FRA-chT2O 0203"]
[Site "France"]
[Date "2003.03.15"]
[Round "8.9"]
[White "Tanoh, Helene"]
[Black "Bablon, Renee"]
[Result "1-0"]
[WhiteElo "1680"]
[BlackElo "1140"]
[PlyCount "59"]
[EventDate "2002.10.??"]
[EventType "team"]
[EventRounds "11"]
[EventCountry "FRA"]
[SourceTitle "EXT 2004"]
[Source "ChessBase"]
[SourceDate "2003.11.25"]
[SourceVersion "1"]
[SourceVersionDate "2003.11.25"]
[SourceQuality "1"]
[WhiteTeam "Selestat"]
[BlackTeam "Besancon"]
[WhiteTeamCountry "FRA"]
[BlackTeamCountry "FRA"]

1. d4 d5 2. c4 e6 3. Nc3 Bb4 4. a3 Bxc3+ 5. bxc3 Nf6 6. Nf3 Nc6 7. a4 Na5 8. cxd5 Nxd5 9. Qc2 0-0 10. e4 Ne7 11. Bd3 Ng6 12. 0-0 Bd7 13. Rb1 b6 14. Ne1 e5 15. f4 exf4 16. Bxf4 Nxf4 17. Rxf4 Qg5 18. Rf2 Nc6 19. Nf3 Qe7 20. e5 f6 21. Bxh7+ Kh8 22. Nh4 Be8 23. Be4 Rb8 24. Bxc6 Qe6 25. Bxe8 Qxe8 26. Ng6+ Kg8 27. Nxf8 Kxf8 28. exf6 Qe3 29. Qg6 Re8 30. Qxg7# 1-0

[Event "FRA-chT2O 0203"]
[Site "France"]
[Date "2003.01.19"]
[Round "6.9"]
[White "Tanoh, Helene"]
[Black "Gras, Delphine"]
[Result "1-0"]
[WhiteElo "1680"]
[BlackElo "1840"]
[PlyCount "101"]
[EventDate "2002.10.??"]
[EventType "team"]
[EventRounds "11"]
[EventCountry "FRA"]
[SourceTitle "EXT 2004"]
[Source "ChessBase"]
[SourceDate "2003.11.25"]
[SourceVersion "1"]
[SourceVersionDate "2003.11.25"]
[SourceQuality "1"]
[WhiteTeam "Selestat"]
[BlackTeam "Strasbourg"]
[WhiteTeamCountry "FRA"]
[BlackTeamCountry "FRA"]

1. d4 d5 2. Nf3 Nf6 3. c4 e6 4. Nc3 Be7 5. e3 0-0 6. Bd3 dxc4 7. Bxc4 c5 8. 0-0 Nc6 9. b3 cxd4 10. exd4 a6 11. a4 Qa5 12. Bd2 Bb4 13. Ne2 Rd8 14. Bxb4 Qxb4 15. Qc2 Na5 16. Rfd1 b5 17. axb5 axb5 18. Bd3 Bb7 19. Qd2 Nd5 20. Qxb4 Nxb4 21. Bxb5 Bxf3 22. gxf3 Nc2 23. Ra2 Nb4 24. Ra4 Nac6 25. Rda1 Rab8 26. Bxc6 Nxc6 27. Rc4 Ne7 28. Rb1 Rd7 29. b4 Rdb7 30. Nc3 Kf8 31. b5 Nc8 32. Rcb4 Na7 33. b6 Nc6 34. Rc4 Na5 35. Rcb4 Ke7 36. Rb5 Nc6 37. d5 exd5 38. Rxd5 Ke6 39. Rdb5 Nd4 40. R5b2 Nxf3+ 41. Kg2 Nd4 42. Re1+ Kd6 43. Ne4+ Kd5 44. Nc3+ Kc6 45. Na4 Ra8 46. Rc1+ Kd5 47. Nc5 Rc8 48. Nxb7 Rxc1 49. Nd8 Nc6 50. Nxc6 Kxc6 51. b7 1-0

[Event "FRA-chT2O 0203"]
[Site "France"]
[Date "2002.12.08"]
[Round "4.9"]
[White "Tanoh, Helene"]
[Black "Pierre, Odile"]
[Result "1-0"]
[WhiteElo "1680"]
[BlackElo "1050"]
[PlyCount "59"]
[EventDate "2002.10.??"]
[EventType "team"]
[EventRounds "11"]
[EventCountry "FRA"]
[SourceTitle "EXT 2004"]
[Source "ChessBase"]
[SourceDate "2003.11.25"]
[SourceVersion "1"]
[SourceVersionDate "2003.11.25"]
[SourceQuality "1"]
[WhiteTeam "Selestat"]
[BlackTeam "Mulhouse Philidor II"]
[WhiteTeamCountry "FRA"]
[BlackTeamCountry "FRA"]

1. d4 d5 2. c4 e6 3. Nc3 Nf6 4. Bg5 Be7 5. Nf3 Nc6 6. e3 h6 7. Bf4 Bd7 8. Rc1 Bd6 9. Be5 Bb4 10. Bd3 Rg8 11. 0-0 Nxe5 12. dxe5 Qe7 13. exf6 gxf6 14. cxd5 e5 15. Nh4 0-0-0 16. Nf5 Qf8 17. a3 Bxc3 18. Rxc3 Bxf5 19. Bxf5+ Kb8 20. Be4 Qg7 21. Qf3 b6 22. Rfc1 c5 23. dxc6 Kc7 24. g3 Qg5 25. Kf1 h5 26. h4 Qh6 27. Rd1 Rxd1+ 28. Qxd1 Qf8 29. Qd7+ Kb8 30. Qb7# 1-0

[Event "FRA-chT2"]
[Site "France"]
[Date "2002.03.??"]
[Round "8"]
[White "Rosinovsky, Virgile"]
[Black "Tanoh, Helene"]
[Result "1-0"]
[WhiteElo "1880"]
[BlackElo "1720"]
[PlyCount "83"]
[EventDate "2002.??.??"]
[EventType "team"]
[EventRounds "11"]
[EventCountry "FRA"]
[SourceTitle "EXT 2003"]
[Source "ChessBase"]
[SourceDate "2002.11.25"]
[SourceVersion "1"]
[SourceVersionDate "2002.11.25"]
[SourceQuality "1"]

1. e4 e6 2. d4 d5 3. e5 c5 4. c3 Nc6 5. Nf3 Nge7 6. a3 Nf5 7. b4 cxd4 8. cxd4 Qb6 9. Be3 Be7 10. Bd3 0-0 11. 0-0 f6 12. Bxf5 exf5 13. Nc3 Be6 14. Qb3 Qd8 15. Ne2 fxe5 16. dxe5 g5 17. Nfd4 Qd7 18. f4 g4 19. Rfd1 Rad8 20. Rd3 Bf7 21. Rad1 Rfe8 22. Nc3 Bf8 23. Nc2 Ne7 24. Bxa7 Qc6 25. Bf2 Rc8 26. Nd4 Qh6 27. g3 Rc4 28. Qb2 Rec8 29. Ndb5 Rd8 30. Nd6 Rxd6 31. exd6 Qxd6 32. Bc5 Qc6 33. Qe2 b6 34. Bxe7 Bxe7 35. Qe3 Bf6 36. Nxd5 Bxd5 37. Rxd5 Re4 38. Qd2 Qc4 39. Rd7 Re2 40. Qd5+ Qxd5 41. R7xd5 Re7 42. Rxf5 1-0